Countries Entirely Between 50° and 60° North - Statistics

General Stats
  • This quiz has been taken 231 times
  • The average score is 6 of 7
Answer Stats
Country % Correct
Latvia
93%
Denmark
92%
Estonia
92%
Lithuania
91%
Ireland
83%
Netherlands
76%
Belarus
73%
No matching quizzes found
Score Distribution
Percent of People with Each Score
Percentile by Number Answered
Your Score History
You have not taken this quiz